|
|
|
|
| LEADER |
00643naa a2200181 i 4500 |
| 001 |
acta18593 |
| 005 |
20221108133726.0 |
| 008 |
161015s1985 hu o 1|| hun d |
| 022 |
|
|
|a 0237-7713
|
| 040 |
|
|
|a SZTE Egyetemi Kiadványok Repozitórium
|b hun
|
| 041 |
|
|
|a hun
|
| 100 |
1 |
|
|a Balogh Tibor
|
| 245 |
1 |
3 |
|a Az evolució [!evolúció] folyamatának Piaget-i értelmezéséről
|h [elektronikus dokumentum] /
|c Balogh Tibor
|
| 260 |
|
|
|c 1985
|
| 300 |
|
|
|a 35-41
|
| 490 |
0 |
|
|a Társadalom, tudomány, egészségügy
|v 1
|
| 695 |
|
|
|a Piaget Jean, Pszichológia
|
| 856 |
4 |
0 |
|u http://acta.bibl.u-szeged.hu/18593/1/tars_tud_eu_1985_035-041.pdf
|z Dokumentum-elérés
|